000 00860nam a2200181Ia 4500
008 100921s9999 xx 000 0 und d
082 _b5207
_a618.92 थ 03
100 _aलुकतुके त्र्यंबक रामचंद्र,पिळगांवकर पुरूषोत्तम रामचंद्र.
245 _aलहान मुलांचे अन्न.
260 _bबाबाजी सखाराम आणि कंपनी,मुंबई.
_c1903
300 _a151
_b---
365 _b0.75
520 _aतंत्रविज्ञान-बालचिकित्सा.
630 _aलहान मुलांचे अन्न.
650 _aतंत्रविज्ञान-बालचिकित्सा.
730 _aलहान मुलांचे अन्न.
942 _cBOOK
999 _c754320
_d754317